00528nam a22001577a 4500003000900000005001700009008004100026040001300067082001800080100002300098245011200121260004700233300002200280504004900302650001900351BDDh-ASL20231015025902.0210107s1968 ny ||||| |||| 00| 0 eng d cBDDh-ASL a297.0966bLEM1 aLevtzion, Nehemia 10aMuslim and Chiefs in West Africa: ba study of islam in the middle volta basin in the pre-colonial period / aLondon: bOxford University Press, c1968. a228 p.: c22 cm.  aInclude Bibliographical References and Index 0aIslam zAfrica